[Event "Titled Tuesday intern op 4th Aug 10am"]
[Site "Chess.com INT"]
[Date "2020.08.04"]
[Round "4"]
[White "Kraai, Jesse"]
[Black "Langner, Ladislav"]
[Result "1-0"]
[WhiteElo "2429"]
[BlackElo "2377"]
[PlyCount "79"]
[EventDate "2020.08.04"]
[EventType "swiss (blitz)"]
[EventRounds "10"]
[EventCountry "USA"]
[SourceTitle "CBM 197 Extra"]
[Source "ChessBase"]
[SourceDate "2020.09.30"]
[SourceVersion "1"]
[SourceVersionDate "2020.09.30"]
[SourceQuality "1"]

1. d4 Nf6 2. c4 g6 3. Nc3 d5 4. cxd5 Nxd5 5. e4 Nxc3 6. bxc3 c5 7. Bc4 Bg7 8. Ne2 Nc6 9. Be3 0-0 10. 0-0 Bd7 11. Rc1 a6 12. Qd2 b5 13. Bd3 cxd4 14. cxd4 Qa5 15. Qxa5 Nxa5 16. Rc7 Rfd8 17. d5 Nc4 18. Bxc4 bxc4 19. Rc1 Bb5 20. Nd4 Bxd4 21. Bxd4 e6 22. Bf6 exd5 23. Bxd8 Rxd8 24. exd5 Rxd5 25. f3 Rd2 26. Ra1 Rc2 27. a4 Be8 28. Rc8 Re2 29. Rc1 Kg7 30. R1xc4 a5 31. Ra8 Bd7 32. Rxa5 Be6 33. Re4 Ra2 34. Rc5 Bf5 35. Rd4 Bc2 36. a5 Bb3 37. Rb4 Be6 38. h4 h5 39. Rb6 Kf6 40. a6 1-0

[Event "Titled Tuesday intern op 4th Aug 10am"]
[Site "Chess.com INT"]
[Date "2020.08.04"]
[Round "10"]
[White "Kraai, Jesse"]
[Black "Romero Arzuaga, Yudel"]
[Result "1-0"]
[WhiteElo "2429"]
[BlackElo "2203"]
[PlyCount "117"]
[EventDate "2020.08.04"]
[EventType "swiss (blitz)"]
[EventRounds "10"]
[EventCountry "USA"]
[SourceTitle "CBM 197 Extra"]
[Source "ChessBase"]
[SourceDate "2020.09.30"]
[SourceVersion "1"]
[SourceVersionDate "2020.09.30"]
[SourceQuality "1"]

1. d4 d5 2. c4 e6 3. Nc3 Be7 4. cxd5 exd5 5. Bf4 c6 6. e3 Bf5 7. Nge2 Nf6 8. Ng3 Bg6 9. Be2 Nbd7 10. 0-0 0-0 11. Qd2 Re8 12. f3 Bb4 13. a3 Bf8 14. Rae1 Nh5 15. Nxh5 Bxh5 16. Bd3 Nf6 17. Kh1 Bg6 18. Bxg6 hxg6 19. e4 dxe4 20. fxe4 Nh5 21. Bg5 Be7 22. Be3 Bd6 23. Qf2 Qc7 24. e5 Bf8 25. g4 c5 26. gxh5 gxh5 27. Qf3 cxd4 28. Bxd4 Rad8 29. Bg1 g6 30. Ne4 Bg7 31. Nf6+ Bxf6 32. exf6 Qc2 33. Qxb7 Rb8 34. Rxe8+ Rxe8 35. Rf2 Re2 36. Rxe2 Qxe2 37. Qg2 Qe6 38. Qf3 Qe1 39. b4 a6 40. Qc6 Kh7 41. Qd5 Kg8 42. Qd8+ Kh7 43. Qe7 Qf1 44. Qxf7+ Kh6 45. Qf8+ Kg5 46. Qc5+ Kh6 47. Qf2 Qc4 48. Qf3 Qf7 49. a4 Kh7 50. b5 axb5 51. axb5 Kg8 52. b6 Qb3 53. f7+ Kf8 54. Bc5+ Kg7 55. f8Q+ Kh7 56. Q3f7+ Qxf7 57. Qxf7+ Kh6 58. h4 g5 59. Bf8# 1-0

[Event "Titled Tuesday intern op 4th Aug 10am"]
[Site "Chess.com INT"]
[Date "2020.08.04"]
[Round "1"]
[White "Martynkova, Olena"]
[Black "Kraai, Jesse"]
[Result "1-0"]
[WhiteElo "2222"]
[BlackElo "2429"]
[PlyCount "117"]
[EventDate "2020.08.04"]
[EventType "swiss (blitz)"]
[EventRounds "10"]
[EventCountry "USA"]
[SourceTitle "CBM 197 Extra"]
[Source "ChessBase"]
[SourceDate "2020.09.30"]
[SourceVersion "1"]
[SourceVersionDate "2020.09.30"]
[SourceQuality "1"]

1. d4 d6 2. Nf3 Nd7 3. g3 e5 4. Bg2 Ngf6 5. 0-0 g6 6. c4 Bg7 7. Nc3 0-0 8. e4 Re8 9. h3 c6 10. Be3 a6 11. Rc1 b5 12. dxe5 dxe5 13. Qc2 Bb7 14. Rfd1 Qa5 15. a4 b4 16. Nb1 Nc5 17. Nbd2 Nfd7 18. Nb3 Nxb3 19. Qxb3 Nc5 20. Bxc5 Qxc5 21. Qd3 Qe7 22. Qd6 f6 23. Qxe7 Rxe7 24. Rd6 Kf7 25. Rcd1 Bf8 26. Nd2 Rc7 27. Rd3 Bc8 28. b3 Bc5 29. Nf1 Be6 30. Rd8 Rxd8 31. Rxd8 Rd7 32. Rxd7+ Bxd7 33. Ne3 Ke7 34. Kf1 Kd6 35. Ke2 Bd4 36. Kd3 Kc5 37. f3 f5 38. exf5 Bxe3 39. Kxe3 Bxf5 40. Kd2 Kd4 41. f4 e4 42. g4 Be6 43. Bf1 h5 44. Be2 hxg4 45. hxg4 c5 46. a5 Bd7 47. Bd1 Bc6 48. f5 gxf5 49. gxf5 Ke5 50. Ke3 Kxf5 51. Bh5 Ke5 52. Bf7 Bb7 53. Be8 Kf5 54. Bd7+ Ke5 55. Bg4 Kf6 56. Bh3 Kg5 57. Be6 Kh4 58. Bd5 Kg3 59. Bxb7 1-0